<?xml version="1.0" encoding="UTF-8"?>
<marc:record xmlns:marc="http://www.loc.gov/MARC21/slim">
   <marc:leader>00000nam a2200000 a 4500</marc:leader>
   <marc:datafield ind1="1" ind2=" " tag="100">
      <marc:subfield code="a">Sklenitzka, Franz Sales</marc:subfield>
      <marc:subfield code="4">aut</marc:subfield>
      <marc:subfield code="e">Verfasser/-in</marc:subfield>
   </marc:datafield>
   <marc:datafield ind1="0" ind2="0" tag="245">
      <marc:subfield code="a">Hase und Igel - Kaum zu bremsen!</marc:subfield>
   </marc:datafield>
   <marc:datafield ind1="0" ind2="0" tag="245">
      <marc:subfield code="b">die Geschichten vom Hasen und dem Igel</marc:subfield>
   </marc:datafield>
   <marc:datafield ind1="0" ind2="0" tag="245">
      <marc:subfield code="c">Sklenitzka, Franz Sales</marc:subfield>
   </marc:datafield>
   <marc:datafield ind1=" " ind2="1" tag="264">
      <marc:subfield code="a">Wien</marc:subfield>
      <marc:subfield code="b">Dachs Verl.</marc:subfield>
      <marc:subfield code="c">2005</marc:subfield>
   </marc:datafield>
   <marc:datafield ind1="1" ind2=" " tag="520">
      <marc:subfield code="a">Quelle: bn.bibliotheksnachrichten (http://www.biblio.at/literatur/bn/index.html); &#xD;
Autor: Irmgard Preißler; &#xD;
Fünf rasante Geschichten über die gemeinsamen Abenteuer von Hase und Igel. (ab 6) (JE)&#xD;
&#xD;
Hase und Igel begegnen einander an einem Sonntagmorgen. Der Hase macht sich über die krummen Beine des Igels lustig, was den Igel sehr ärgert. Deshalb schlägt er dem Hasen vor, einen Wettlauf auszutragen. Der Hase geht auf diesen Vorschlag ein und kommt aus dem Staunen nicht heraus, als der Igel vor ihm im Ziel ist. Das geht einige Male so weiter, bis der Hase erschöpft in einer Ackerfurche liegen bleibt und einfach nicht mehr weiterlaufen kann. Wie der Igel das schafft, das müsst ihr selber nachlesen. Nach dem Wettlauf kaufen sich Hase und Igel einen roten Sportwagen, mit dem sie die schnellsten auf der Straße sind, oder doch nicht? Ein gemeinsamer Urlaub, ein Besuch in der Schule und ein geheimnisvoller Kriminalfall, bei dem die neuen grünen Laufschuhe des Hasen verschwinden, runden die Abenteuer der beiden ab. Als die Schuhe dann doch wieder auftauchen, schlägt der Hase dem Igel vor, doch einen Wettlauf auszutragen...&#xD;
Franz S. Sklenitzka erzählt fünf lustige Geschichten, deren Ende immer eine Überraschung bereithält. Die Illustrationen von Sybille Hein betonen die heitere Stimmung und das rasante Tempo, mit dem sich Hase und Igel in ihre Abenteuer stürzen. Ein tolles Buch, das man sofort auf einmal verschlingen möchte!</marc:subfield>
   </marc:datafield>
   <marc:datafield ind1=" " ind2=" " tag="020">
      <marc:subfield code="a">9783851913644</marc:subfield>
      <marc:subfield code="9">9783851913644</marc:subfield>
   </marc:datafield>
   <marc:datafield ind1=" " ind2=" " tag="020">
      <marc:subfield code="a">3851913647</marc:subfield>
      <marc:subfield code="9">3851913647</marc:subfield>
   </marc:datafield>
   <marc:datafield ind1=" " ind2=" " tag="041">
      <marc:subfield code="a">ger</marc:subfield>
   </marc:datafield>
   <marc:datafield ind1=" " ind2=" " tag="300">
      <marc:subfield code="b">graph. Darst.</marc:subfield>
   </marc:datafield>
   <marc:datafield ind1=" " ind2=" " tag="338">
      <marc:subfield code="a">Band</marc:subfield>
   </marc:datafield>
   <marc:datafield ind1=" " ind2=" " tag="300">
      <marc:subfield code="a">93 S.</marc:subfield>
   </marc:datafield>
</marc:record>
